Ricostruisci la Carriera del Calciatore - Miroslav Klose - Statistics

Statistiche generali
  • Questo quiz è stato fatto 10 volte
  • Il punteggio medio è 4 su 7
Statistiche sulle risposte
Hint Risposta % Corretto
2011-2016 Lazio
75%
2004-2007 Werder Brema
75%
1998-1999 Homburg
63%
1998-1999 Homburg II
63%
1999-2004 Kaiserslautern
63%
2007-2011 Bayern Monaco
50%
1997-1998 Blaubach-Diedelkopf
38%
Nessun quiz corrispondente trovato
Distribuzione punteggi
Percentuale di utenti per punteggio
Percentile per numero di risposta
I tuoi punteggi nel tempo
Non hai fatto questo quiz